MDQL
is popping MORE tags! Check the
thread
!
Quizzes
Events
Quiz Creation
Community
Videos
Private Events
Remove Ads
Sign In
Join for FREE
Feedback
Dark Mode
Quiz Categories
Sports
Geography
Music
Movies
Television
Just For Fun
Miscellaneous
History
Literature
Language
Science
Gaming
Entertainment
Religion
Holiday
For Kids
Quiz Lab
Recent
Popular Today
Quiz Kudos Today
Editor Picks
Curator Picks
Quizzes by...
Day
Popularity
Type
Ratings
Length
Year
Community
Subscriptions
Recent Discussions
Orange Saloon
Badges
Playlists
Quests
Create
Leaderboards
Showdown
Live 5
Trivia Bingo
Activity
Puzzle Library
Sporcle Events
Private Events
Virtual Trivia
Globe League
Become a Host
Pub Owners
SporcleCon
Opinionation
Our Games
Videos
Blog
Mobile Apps
Partnerships
Remove Ads and Go Orange
Feedback
Gaming
Video Games
Board Games
Card Games
Pokémon
Mario
Nintendo
Minecraft
Console
Toys
Legend of Zelda
Gaming
Video Games
Board Games
Card Games
Pokémon
Mario
Nintendo
Minecraft
Console
Toys
Legend of Zelda
Random Quiz
Search Sporcle
×
Quiz Lab
Quiz Lab
Gaming
Racing
Type in answers that appear in a list
Type in answers that appear in a list
Classic
Best Score? Go Orange.
Sonic Racing Courses Stats
Name the courses within the various Sonic the Hedgehog racing games
By
patrickshawkins
10m
180 Questions
56 Plays
56 Plays
56 Plays
Comments
Comments
Give Quiz Kudos
Give Quiz Kudos
-
- Ratings
hide this ad
Replay
Link that replays current quiz
Next Quiz
Link to next quiz in quiz playlist
You Got
0%
They Got
Avg Score
44%
Avg Friend Score
Upgrade to see
Score Distribution
Jump to the score distribution portion of the page
Score
0/180
Timer
10:00
0
Plays Today
Game
Track
% Correct
Sonic Drift
Green Hill
69.6%
Sonic Riders
Metal City
69.6%
Sonic & SEGA All-
Stars Racing (Console)
Whale Lagoon
69.6%
Sonic Free Riders
Metal City
69.6%
Sonic & SEGA All-
Stars Racing (DS)
Whale Lagoon
69%
Sonic Riders: Zero Gravity
Megalo Station
67.9%
Team Sonic Racing
Turbine Loop
66.7%
Sonic Drift
Marble
66.1%
Sonic Drift
Star Light
66.1%
Sonic & SEGA All-
Stars Racing (Console)
Roulette Road
66.1%
Sonic & All-
Stars Racing Transformed
Roulette Road
66.1%
Sonic & SEGA All-
Stars Racing (DS)
Turbine Loop
65.5%
Sonic Riders: Zero Gravity
80's Boulevard
64.3%
Sonic Riders: Zero Gravity
Mobius Strip
64.3%
Sonic Drift
Spring Yard
62.5%
Sonic Drift
Labyrinth
62.5%
Sonic Drift
Scrap Brain
62.5%
Sonic Riders: Zero Gravity
Gigan Rocks
62.5%
Sonic Riders: Zero Gravity
90's Boulevard
62.5%
Sonic Riders: Zero Gravity
Labyrinth
62.5%
Sonic & SEGA All-
Stars Racing (Console)
Shibuya Downtown
62.5%
Sonic & SEGA All-
Stars Racing (Console)
Turbine Loop
62.5%
Sonic R
Radical City
62.5%
Sonic & All-
Stars Racing Transformed
Shibuya Downtown
62.5%
Sonic Drift 2
Emerald Hill 1
60.7%
Sonic Drift 2
Emerald Hill 2
60.7%
Sonic Riders
Egg Factory
60.7%
Sonic Riders: Zero Gravity
Aquatic Capital
60.7%
Sonic Riders: Zero Gravity
Astral Babylon
60.7%
Sonic Riders: Zero Gravity
Snowy Kingdom
60.7%
Sonic Riders: Zero Gravity
MeteorTech Sparkworks
60.7%
Sonic Riders: Zero Gravity
Gigan Device
60.7%
Sonic R
Radiant Emerald
60.7%
Sonic R
Regal Ruin
60.7%
Sonic & All-
Stars Racing Transformed
Ocean View
60.7%
Sonic Riders: Zero Gravity
Botanical Kingdom
58.9%
Sonic Riders: Zero Gravity
Crimson Crater
58.9%
Sonic & SEGA All-
Stars Racing (Console)
Highway Zero
58.9%
Sonic & SEGA All-
Stars Racing (Console)
Monkey Target
58.9%
Sonic & SEGA All-
Stars Racing (Console)
Thunder Deck
58.9%
Sonic R
Resort Island
58.9%
Sonic & All-
Stars Racing Transformed
Sanctuary Falls
58.9%
Sonic & SEGA All-
Stars Racing (DS)
Roulette Road
58.6%
Team Sonic Racing
Wisp Circuit
58.3%
Team Sonic Racing
Ocean View
58.3%
Team Sonic Racing
Whale Lagoon
58.3%
Team Sonic Racing
Roulette Road
58.3%
Team Sonic Racing
Sky Road
58.3%
Team Sonic Racing
Thunder Deck
58.3%
Sonic Drift 2
Death Egg
57.1%
Sonic Riders
Splash Canyon
57.1%
Sonic Riders
Babylon Garden
57.1%
Sonic Riders: Zero Gravity
MeteorTech Premises
57.1%
Sonic Riders: Zero Gravity
Nightside Rush
57.1%
Sonic Riders: Zero Gravity
Tempest Waterway
57.1%
Sonic R
Reactive Factory
57.1%
Sonic & All-
Stars Racing Transformed
Samba Studios
57.1%
Sonic & All-
Stars Racing Transformed
Burning Depths
57.1%
Sonic Riders
Digital Dimension
55.4%
Sonic Riders
SEGA Carnival
55.4%
Game
Track
% Correct
Sonic Riders
Ice Factory
55.4%
Sonic Riders
Sky Road
55.4%
Sonic & SEGA All-
Stars Racing (Console)
Sunshine Tour
55.4%
Sonic & SEGA All-
Stars Racing (Console)
Treetops
55.4%
Sonic & SEGA All-
Stars Racing (Console)
Lost Palace
55.4%
Sonic & SEGA All-
Stars Racing (Console)
Ocean Ruin
55.4%
Sonic & SEGA All-
Stars Racing (Console)
BINGO Party
55.4%
Sonic & All-
Stars Racing Transformed
Dragon Canyon
55.4%
Sonic & All-
Stars Racing Transformed
Seasonal Shrine
55.4%
Sonic & All-
Stars Racing Transformed
Dream Valley
55.4%
Sonic & All-
Stars Racing Transformed
Graveyard Gig
55.4%
Sonic & All-
Stars Racing Transformed
Race of AGES
55.4%
Sonic & All-
Stars Racing Transformed
Sunshine Tour
55.4%
Sonic & SEGA All-
Stars Racing (DS)
Thunder Deck
55.2%
Sonic & SEGA All-
Stars Racing (DS)
Monkey Target
55.2%
Sonic & SEGA All-
Stars Racing (DS)
Highway Zero
55.2%
Sonic & SEGA All-
Stars Racing (DS)
Shibuya Downtown
55.2%
Sonic Drift 2
Hill Top 1
53.6%
Sonic Drift 2
Hill Top 2
53.6%
Sonic Riders
Green Cave
53.6%
Sonic Riders
Sand Ruins
53.6%
Sonic Riders
Night Chase
53.6%
Sonic Riders
Dark Desert
53.6%
Sonic Riders
Babylon Guardian
53.6%
Sonic Riders: Zero Gravity
Security Corridor
53.6%
Sonic & SEGA All-
Stars Racing (Console)
Pinball Highway
53.6%
Sonic & SEGA All-
Stars Racing (Console)
Rocky-Coaster
53.6%
Sonic & All-
Stars Racing Transformed
Graffiti City
53.6%
Sonic & All-
Stars Racing Transformed
Adder's Lair
53.6%
Sonic & All-
Stars Racing Transformed
OutRun Bay
53.6%
Sonic Riders
Red Canyon
51.8%
Sonic Riders
White Cave
51.8%
Sonic Riders
SEGA Illusion
51.8%
Sonic & SEGA All-
Stars Racing (Console)
Outer Forest
51.8%
Sonic & SEGA All-
Stars Racing (Console)
Rampart Road
51.8%
Sonic & SEGA All-
Stars Racing (Console)
Dark Arsenal
51.8%
Sonic & SEGA All-
Stars Racing (Console)
Deadly Route
51.8%
Sonic & SEGA All-
Stars Racing (Console)
Lava Lair
51.8%
Sonic & SEGA All-
Stars Racing (Console)
Egg Hangar
51.8%
Sonic & All-
Stars Racing Transformed
Carrier Zone
51.8%
Sonic & All-
Stars Racing Transformed
Egg Hangar
51.8%
Sonic Drift 2
Casino Night
50%
Sonic Drift 2
Milky Way
50%
Sonic & SEGA All-
Stars Racing (Console)
Icicle Valley
50%
Sonic & SEGA All-
Stars Racing (Console)
Jump Parade
50%
Sonic & SEGA All-
Stars Racing (Console)
Sewer Scrapes
50%
Sonic & SEGA All-
Stars Racing (Console)
Rokkaku Hill
50%
Sonic & All-
Stars Racing Transformed
Temple Trouble
50%
Sonic & All-
Stars Racing Transformed
Galactic Parade
50%
Sonic & All-
Stars Racing Transformed
Rogue's Landing
50%
Sonic & SEGA All-
Stars Racing (DS)
Treetops
48.3%
Sonic Drift 2
Dark Valley 1
48.2%
Sonic Drift 2
Dark Valley 2
48.2%
Sonic Drift 2
Emerald Ocean
48.2%
Sonic & SEGA All-
Stars Racing (Console)
Sandy Drifts
48.2%
Sonic & All-
Stars Racing Transformed
Chilly Castle
48.2%
Sonic Drift 2
Mystic Cave
46.4%
Sonic & SEGA All-
Stars Racing (DS)
Lost Palace
44.8%
Sonic Drift 2
Balloon Panic
44.6%
Sonic Free Riders
Dolphin Resort
44.6%
Game
Track
% Correct
Sonic Drift 2
Ice Cap
42.9%
Team Sonic Racing
Doctor's Mine
41.7%
Team Sonic Racing
Lost Palace
41.7%
Team Sonic Racing
BINGO Party
41.7%
Team Sonic Racing
Pinball Highway
41.7%
Team Sonic Racing
Boo's House
41.7%
Team Sonic Racing
Haunted Castle
41.7%
Team Sonic Racing
Dark Arsenal
41.7%
Sonic & SEGA All-
Stars Racing (DS)
Lava Lair
41.4%
Sonic & SEGA All-
Stars Racing (DS)
BINGO Party
41.4%
Sonic & SEGA All-
Stars Racing (DS)
Ocean Ruin
41.4%
Sonic & SEGA All-
Stars Racing (DS)
Rampart Road
41.4%
Sonic & SEGA All-
Stars Racing (DS)
Outer Forest
41.4%
Sonic & SEGA All-
Stars Racing (DS)
Rokkaku Hill
41.4%
Sonic & SEGA All-
Stars Racing (DS)
Pinball Highway
41.4%
Sonic & SEGA All-
Stars Racing (DS)
Dark Arsenal
41.4%
Sonic & SEGA All-
Stars Racing (DS)
Jump Parade
41.4%
Sonic Drift 2
Desert Road 1
41.1%
Sonic Drift 2
Desert Road 2
41.1%
Sonic Free Riders
Final Factory
41.1%
Sonic Drift 2
Rainy Savanna
39.3%
Sonic Drift 2
Quake Cave
39.3%
Sonic Riders
Dual Towers
39.3%
Sonic Riders
Snow Valley
39.3%
Sonic Free Riders
Rocky Ridge
39.3%
Sonic Free Riders
Metropolis Speedway
39.3%
Sonic Free Riders
Magma Rift
39.3%
Sonic Free Riders
Forgotten Tomb
39.3%
Sonic & SEGA All-
Stars Racing (DS)
Icicle Valley
37.9%
Sonic & SEGA All-
Stars Racing (DS)
Deadly Route
37.9%
Sonic & SEGA All-
Stars Racing (DS)
Sandy Drifts
37.9%
Sonic & SEGA All-
Stars Racing (DS)
Sewer Scrapes
37.9%
Sonic Free Riders
Frozen Forest
37.5%
Sonic Drift 2
Iron Road
35.7%
Sonic Riders
Space Theater
35.7%
Sonic & SEGA All-
Stars Racing (Console)
Seaside Square
35.7%
Sonic Riders: Zero Gravity
MeteorTech Arsenal
33.9%
Sonic Riders: Zero Gravity
Botanical Cave
33.9%
Sonic & SEGA All-
Stars Racing (Console)
Grave Hard
33.9%
Team Sonic Racing
Mother's Canyon
33.3%
Team Sonic Racing
Ice Mountain
33.3%
Team Sonic Racing
Frozen Junkyard
33.3%
Team Sonic Racing
Hidden Volcano
33.3%
Team Sonic Racing
Sand Road
33.3%
Team Sonic Racing
Clockwork Pyramid
33.3%
Sonic Riders: Zero Gravity
Megalo Junction
32.1%
Sonic Riders: Zero Gravity
Gravity Pit
32.1%
Sonic & SEGA All-
Stars Racing (Console)
Rumble Ramps
32.1%
Sonic & All-
Stars Racing Transformed
Neon Docks
32.1%
Sonic Riders: Zero Gravity
Square Quartet
30.4%
Sonic & All-
Stars Racing Transformed
Battle Bay
30.4%
Sonic & All-
Stars Racing Transformed
Creepy Courtyard
30.4%
Team Sonic Racing
Market Street
25%
Sonic & All-
Stars Racing Transformed
Monkey Ball Park
23.2%
Sonic & All-
Stars Racing Transformed
Rooftop Rumble
19.6%
Sonic & SEGA All-
Stars Racing (DS)
Studio Amigo
17.2%
Sonic & SEGA All-
Stars Racing (DS)
Sun Fair
17.2%
Sonic & SEGA All-
Stars Racing (DS)
Grave Hard
13.8%
Sonic & SEGA All-
Stars Racing (DS)
Rumble Ramps
13.8%
Sonic & SEGA All-
Stars Racing (DS)
Seaside Square
13.8%
Quiz Playlist
Details
Report
Send in Message
Add To Playlist
Classic:
Type in answers that appear in a list
Last Updated: Oct 15, 2022
Quiz Scoreboard
CHALLENGE
Sign Up to Join the Scoreboard
Show All
Scores
Hide
Comments
May contain spoilers
Recently Published
Street Fighter Characters
by Artimus82
Gaming
60s
9x9 Crossword: Cartoon Network
by jackfrog10
Miscellaneous
3m
College Basketball Coaching Resumes
by pancakes188
Sports
9m
More to Explore
Quiz From the Vault
Featured Blog Post
Where Did the Easter Bunny Come From?
hide this ad
You Might Also Like...
Tags
course
Hedgehog
Racing
sonic
track
Today's Top Quizzes in Gaming
Browse Gaming
hide this ad
Today's Top Quizzes in Racing
Browse Racing
Top Contributed Quizzes in Gaming
1
5-to-1: Consoles
2
7-to-1: Board Game Piece Blitz
3
5-to-1: Legend of Zelda
4
League of Legends Pro Players by Career/Team History
5
Destiny 2 exotic weapons by perk icons
6
Ultimate Genshin Impact Logic Puzzle (up to 4.3)
7
Franchise by Action Figure
8
Who's on the WWE 2K24 Cover?
9
Genshin Impact Logic Puzzle Quiz
10
Order the Pokémon Regions
Explore More
Trending Topics
Anime
Harry Potter
NBA
Crossword
Marvel
Disney
Kpop
Country
Puzzle
Pokémon
The Office
Soccer
NFL
WWE
Song
hide this ad
More By:
patrickshawkins
Quiz
Plays
Rating
Category
Featured
Created
SPORCLE Pokémon
18,425
4.79
Gaming
Apr 23, 2017
Pokémon Dual Type Combinations
2,517
4.29
Gaming
Jul 18, 2016
List of Power Rangers
2,336
5.00
Television
Jan 19, 2017
Power Rangers Villains
1,374
Television
Mar 10, 2017
Pokémon Move Endings
1,110
3.00
Gaming
May 12, 2016
Go to Creator's Profile
Score Distribution
Quiz Creator Spotlight
patrickshawkins
Follow
Send a Message
Quizzes Created
-
Created Quiz Play Count
-
More By This Creator
Popular Quizzes Today
1
Find the US States - No Outlines Minefield
2
Find the Countries of Europe - No Outlines Minefield
3
The Countries of the World
4
Find the US States
5
Risky Map Clicking: Biggest States A-Z
6
US States
7
Popular People in 1961
8
Movies - When Are They Set?
More Gaming Quizzes
Fire Emblem Crossword 2
Quiz Lab
Trending Quizzes
Risky Map Clicking: Least Populous States A-Z
1-10 Letter G Words
Risky Map Clicking: Next State Alphabetically
Adjectives in 80s TV Shows
The Seven Year Switch: Catherine
Recently Updated
Leaping Animals
pecheneg
Reality TV Shows (A-Z)
bhenderson79
Rickey Henderson's Hall of Fame Teammates
pecheneg
Champions League XIs: Arsenal
pecheneg
Quick Pick: Celebrities in WWE's Hall of Fame
aduchscher
A-Z Keypad Blitz II
pecheneg
Multiple Oscar Actors
pecheneg
Mystery Phrase Blitz: Oscar 'Best Actors'
pecheneg
F. Scott Fitzgerald Novels
LTH
Pick 3 Villains
ddd62291
Trending Topics
Anime
Disney
Marvel
Crossword
NBA
Kpop
Harry Potter
WWE
Song
NFL
Puzzle
Pokémon
The Office
Soccer
Country
Your Account Isn't Verified!
In order to create a playlist on Sporcle, you need to verify the email address you used during registration. Go to your
Sporcle Settings
to finish the process.
Report this User
Report this user for behavior that violates our
Community Guidelines
.
Details:
Send Report
Go to the Sporcle.com Mobile Site →
Comments